| 000 | 01098nam0a22003011 4500 | ||
|---|---|---|---|
| 001 | RU\NLR\A1SV\128302 | ||
| 005 | 20251203171251.9 | ||
| 035 | _a(NLR Aleph) 010465754 | ||
| 090 |
_a10000531 _c10000531 |
||
| 100 | _a20140905d1919 u y0rusy50 ca | ||
| 101 | 0 | _arus | |
| 102 | _aRU | ||
| 200 | 1 |
_a"Ведомости Московского государства" 1702 года _fК.Харлампович |
|
| 210 |
_a[Пг. _d1919] |
||
| 215 |
_a18 с. _d25 см |
||
| 300 | _aБез тит. л. | ||
| 300 | _aАвт. указан в конце текста | ||
| 311 | _aОтт. из: Изв. отд-ния рус. яз. и словесности Рос. акад наук. 1918. 1919. Т.23, кн.1 | ||
| 517 | 1 | _aВедомости Московского государства 1702 года | |
| 620 | _dСанкт-Петербург | ||
| 700 | 1 |
_aХарлампович _bК.В. _f1870-1932 _gКонстантин Васильевич |
|
| 801 | 0 |
_aRU _bNLR _c20140905 |
|
| 852 |
_aNLR _j37.60.7.124 |
||
| 899 | _aРГБ | ||
| 942 | _cBOOK | ||
| 980 | _aNB | ||
| 980 | _aA1SV | ||